00911 2200325 4500001002100000005001500021035002000036007000300056008004100059040001700100100002200117245006700139250001100206300003400217020002200251041000800273082001000281084001600291090002000307260003600327850001000363600003300373700003300406990002500439990002500464990002500489990002500514990002300539990002300562INLIS00000000000247920260602075506 a0010-0220000330ta260602 0  aSBPUPADbind0 aTin Wiyati Fauzan1 aBros Tsendy /cTin Wiyati Fauzan, Penyunting: Kiki Sulistiyani aCet. 1 aiv, 75 hlm. :bilus. ;c23 cm a978-979-1477-91-807aInd a746.4 a746.4 TIN b a723 YOH a L21-7 aJakarta :bKriya Pustaka,c2010 aPUPAD 4aSeni Menggambar dan Dekorasi0 aPenyunting: Kiki Sulistiyani a30.687/APBD/DPK/2019 a30.688/APBD/DPK/2019 a30.689/APBD/DPK/2019 a30.690/APBD/DPK/2019 a30.689/APBD/DPK/19 a30.688/APBD/DPK/19